[Event "Bayern-chTT (Oberliga)"]
[Site "Bayern 2008/09"]
[Date "2009.03.01"]
[Round "7.4"]
[White "Maurer, Jochen(80)"]
[Black "Strube, Frank"]
[Result "1-0"]
[WhiteElo "2164"]
[BlackElo "2122"]
[PlyCount "57"]
[EventDate "2009.03.??"]
[EventType "team-tourn"]
[EventRounds "9"]
[WhiteTeam "Pang/Ro.1"]
[BlackTeam "Bamberg-SC 1"]

1. e4 c5 2. Nf3 e6 3. d4 cxd4 4. Nxd4 Nc6 5. Nc3 Qc7 6. Be3 a6 7. Qd2 Nf6 8. f3
Bb4 9. O-O-O Ne5 10. Nb3 b5 11. Bd4 Be7 12. Qf2 d6 13. g4 Nfd7 14. f4 Nxg4 15.
Qe2 Ngf6 16. e5 dxe5 17. fxe5 Nd5 18. Nxd5 exd5 19. Rg1 O-O 20. Qh5 Nc5 21.
Nxc5 Bxc5 22. Rxg7+ Kxg7 23. Qg5+ Kh8 24. Qf6+ Kg8 25. Rd3 Rd8 26. Rg3+ Kf8 27.
Rc3 Bxd4 28. Rxc7 Be6 29. Qh8# 1-0

[Event "Bayern-chTT (Oberliga)"]
[Site "Bayern 2008/09"]
[Date "2009.03.01"]
[Round "7.6"]
[White "Keller, Manfred(45)"]
[Black "Krug, Stefan(63)"]
[Result "1/2-1/2"]
[WhiteElo "2122"]
[BlackElo "2083"]
[PlyCount "32"]
[EventDate "2009.03.??"]
[EventType "team-tourn"]
[EventRounds "9"]
[WhiteTeam "Pang/Ro.1"]
[BlackTeam "Bamberg-SC 1"]

1. e4 c6 2. Nc3 d5 3. Nf3 dxe4 4. Nxe4 Nf6 5. Nxf6+ gxf6 6. Bc4 Bf5 7. d4 e6 8.
O-O Bd6 9. Re1 Qc7 10. g3 Nd7 11. Nh4 Bg6 12. Bh6 O-O-O 13. c3 Rhg8 14. Qf3 Qa5
15. b4 Qh5 16. Qxh5 Bxh5 1/2-1/2

[Event "Bayern-chTT (Oberliga)"]
[Site "Bayern 2008/09"]
[Date "2009.03.01"]
[Round "7.7"]
[White "Mittag, Ralf"]
[Black "Wimmer, Herbert(42)"]
[Result "0-1"]
[WhiteElo "2062"]
[BlackElo "2069"]
[PlyCount "96"]
[EventDate "2009.03.??"]
[EventType "team-tourn"]
[EventRounds "9"]
[WhiteTeam "Bamberg-SC 1"]
[BlackTeam "Pang/Ro.1"]

1. e4 e5 2. Nf3 d6 3. d4 Nd7 4. Bc4 c6 5. O-O Be7 6. Nc3 Ngf6 7. a3 O-O 8. Bg5
h6 9. Bh4 Nxe4 10. Nxe4 d5 11. Bg3 dxe4 12. Nxe5 Nxe5 13. dxe5 Qxd1 14. Raxd1
Rd8 15. Rxd8+ Bxd8 16. Rd1 Bb6 17. Kf1 Bg4 18. Re1 Bf5 19. c3 Rd8 20. Ke2 Kf8
21. Bb3 e3 22. Rd1 Rxd1 23. Bxd1 exf2 24. Bxf2 Bg4+ 25. Kd2 Bxd1 26. Bxb6 axb6
27. Kxd1 Ke7 28. Ke2 Ke6 29. Ke3 Kxe5 30. b3 f5 31. Kf3 g5 32. h3 h5 33. Ke3
f4+ 34. Kd3 g4 35. hxg4 hxg4 36. a4 c5 37. b4 c4+ 38. Kxc4 f3 39. gxf3 gxf3 40.
Kb5 f2 41. Kxb6 f1=Q 42. Kxb7 Qc4 43. b5 Qxa4 44. b6 Kd6 45. c4 Qxc4 46. Ka7
Kc6 47. b7 Qa4+ 48. Kb8 Qa6 0-1

[Event "Bayern-chTT (Oberliga)"]
[Site "Bayern 2008/09"]
[Date "2009.03.01"]
[Round "7.8"]
[White "Lindenberg, Georg"]
[Black "Mikuta, Alexander"]
[Result "1-0"]
[WhiteElo "2086"]
[BlackElo "1965"]
[PlyCount "105"]
[EventDate "2009.03.??"]
[EventType "team-tourn"]
[EventRounds "9"]
[WhiteTeam "Pang/Ro.1"]
[BlackTeam "Bamberg-SC 1"]

1. e4 c5 2. Nf3 d6 3. Bb5+ Bd7 4. Bxd7+ Qxd7 5. c4 Qg4 6. O-O Qxe4 7. d4 cxd4
8. Re1 Qg4 9. h3 Qc8 10. Nxd4 a6 11. b3 Nc6 12. Ba3 e5 13. f4 f6 14. Nc3 Nge7
15. Nxc6 Qxc6 16. Bxd6 O-O-O 17. c5 Nf5 18. Qg4 Bxd6 19. Qxf5+ Kb8 20. cxd6
Qxc3 21. fxe5 fxe5 22. Qxe5 Qxe5 23. Rxe5 Rxd6 24. Re7 Rg6 25. Rd1 Rc8 26. Rd2
Rc1+ 27. Kh2 Ka7 28. g4 h5 29. gxh5 Rg5 30. Rg2 Rxh5 31. Rexg7 Rc3 32. R7g3 Rc1
33. Rg4 Rc3 34. h4 Kb6 35. Rf2 Rd3 36. Kg2 Kc6 37. Rf6+ Kd5 38. Rg5+ Rxg5+ 39.
hxg5 Ke5 40. Rf2 b5 41. Kh2 Rd6 42. Kh3 a5 43. Kh4 a4 44. bxa4 bxa4 45. Kh5 Rd1
46. Kh6 Rh1+ 47. Kg7 Ke6 48. g6 Rb1 49. Kh7 Rh1+ 50. Kg8 Ke7 51. g7 Rh3 52.
Re2+ Kd8 53. Re5 1-0

[Event "Bayern-chTT (Oberliga)"]
[Site "Bayern 2008/09"]
[Date "2009.03.01"]
[Round "7.1"]
[White "Cicak, Slavko"]
[Black "Jirovsky, Pavel"]
[Result "1-0"]
[WhiteElo "2541"]
[BlackElo "2295"]
[PlyCount "77"]
[EventDate "2009.03.??"]
[EventType "team-tourn"]
[EventRounds "9"]
[WhiteTeam "Burgsinn 1"]
[BlackTeam "Königshofen 1"]

1. e4 c5 2. Nf3 d6 3. Bc4 Nf6 4. c3 e6 5. Qe2 Nc6 6. Bb3 d5 7. e5 Nd7 8. d4 Qb6
9. dxc5 Nxc5 10. Bc2 a5 11. O-O Qa6 12. Qe3 a4 13. Na3 b5 14. Nd4 Nxd4 15. Qxd4
Bd7 16. Be3 Qb7 17. Nb1 Bc6 18. a3 Be7 19. Nd2 Rd8 20. Qg4 g6 21. Nf3 h5 22.
Qf4 Ne4 23. h4 Rg8 24. Qh2 Rd7 25. Nd4 Nc5 26. Qg3 Rc7 27. Bg5 Bf8 28. Rfe1 Ne4
29. Bxe4 dxe4 30. Nxc6 Qxc6 31. Rad1 Be7 32. Rd4 Kf8 33. Bf6 Rd7 34. Red1 Rd5
35. Qf4 Bc5 36. R4d2 Be7 37. Bxe7+ Kxe7 38. Qf6+ Ke8 39. Rxd5 1-0

[Event "Bayern-chTT (Oberliga)"]
[Site "Bayern 2008/09"]
[Date "2009.03.01"]
[Round "7.2"]
[White "Feustel, Bernd"]
[Black "Klundt, Klaus"]
[Result "0-1"]
[WhiteElo "2239"]
[BlackElo "2290"]
[PlyCount "46"]
[EventDate "2009.03.??"]
[EventType "team-tourn"]
[EventRounds "9"]
[WhiteTeam "Königshofen 1"]
[BlackTeam "Burgsinn 1"]

1. Nf3 Nf6 2. c4 c6 3. g3 d5 4. b3 Bg4 5. Bg2 e6 6. Bb2 Nbd7 7. O-O Bd6 8. d4
O-O 9. Ne5 Bh5 10. h3 Qc7 11. f4 Ne4 12. g4 Bg6 13. Nxg6 fxg6 14. e3 g5 15. c5
Ndxc5 16. dxc5 Bxc5 17. Bd4 gxf4 18. Bxe4 Bxd4 19. Qxd4 f3 20. Rxf3 dxe4 21.
Rf4 Rxf4 22. exf4 Qxf4 23. Qc3 Rf8 0-1

[Event "Bayern-chTT (Oberliga)"]
[Site "Bayern 2008/09"]
[Date "2009.03.01"]
[Round "7.3"]
[White "Chandler, Patrick"]
[Black "Studnicka, Tomas"]
[Result "1-0"]
[WhiteElo "2217"]
[BlackElo "2242"]
[PlyCount "103"]
[EventDate "2009.03.??"]
[EventType "team-tourn"]
[EventRounds "9"]
[WhiteTeam "Burgsinn 1"]
[BlackTeam "Königshofen 1"]

1. e4 c5 2. Nf3 d6 3. Bc4 Nf6 4. Qe2 Nc6 5. c3 a6 6. a4 Bg4 7. d3 Bxf3 8. gxf3
e6 9. f4 Qc7 10. Bb3 O-O-O 11. Be3 d5 12. e5 Nd7 13. d4 Qb6 14. Nd2 Na5 15. Ba2
Qxb2 16. O-O c4 17. Rfb1 Qc2 18. Rc1 Qg6+ 19. Kh1 h6 20. Qf3 Nb6 21. Bb1 f5 22.
exf6 Qxf6 23. Rg1 Kb8 24. Rg6 Qf7 25. f5 Nb3 26. Nxb3 cxb3 27. Rxe6 Nc4 28. Bd3
g5 29. Rb1 Na5 30. Qg3+ Ka8 31. Qe5 Ba3 32. Bxa6 Nc6 33. Qf6 Qxf6 34. Rxf6 Na5
35. Bf1 b2 36. Rb6 Rh7 37. Rb5 Nc4 38. Rb3 Bd6 39. Bxc4 dxc4 40. R3xb2 Rf8 41.
Rb5 Rf6 42. Rd5 Rhf7 43. Rb6 Ba3 44. Rbb5 Ra6 45. Rd8+ Ka7 46. d5+ b6 47. a5
Bc5 48. axb6+ Bxb6 49. Rxb6 Rxb6 50. Rd6 Rfb7 51. Rxb6 Rxb6 52. f6 1-0

[Event "Bayern-chTT (Oberliga)"]
[Site "Bayern 2008/09"]
[Date "2009.03.01"]
[Round "7.4"]
[White "Stross, Frantisek"]
[Black "Scheidt, Karlheinz"]
[Result "0-1"]
[WhiteElo "2298"]
[BlackElo "2082"]
[PlyCount "78"]
[EventDate "2009.03.??"]
[EventType "team-tourn"]
[EventRounds "9"]
[WhiteTeam "Königshofen 1"]
[BlackTeam "Burgsinn 1"]

1. e4 g6 2. d4 Bg7 3. Nc3 c6 4. Nf3 d6 5. Be3 Nd7 6. Qd2 Qc7 7. a4 e5 8. Bc4
Ngf6 9. dxe5 dxe5 10. h3 O-O 11. O-O Re8 12. Ng5 Re7 13. f4 h6 14. Nf3 Nh5 15.
f5 Nb6 16. Bb3 gxf5 17. Bxh6 f4 18. Bg5 Re8 19. a5 Nd7 20. Rfd1 Bf8 21. Bh4
Bc5+ 22. Kh2 Be3 23. Qe2 Nc5 24. Bc4 Ng7 25. Bf2 Bxf2 26. Qxf2 Qe7 27. b4 Nd7
28. Rab1 a6 29. Na4 Nh5 30. Nc5 Ng3 31. Bd3 Nf6 32. c3 Kg7 33. Ng1 Rh8 34. Be2
Nfxe4 35. Nxe4 Nxe4 36. Qe1 Qg5 37. Nf3 Qg3+ 38. Qxg3+ fxg3+ 39. Kg1 Nxc3 0-1

[Event "Bayern-chTT (Oberliga)"]
[Site "Bayern 2008/09"]
[Date "2009.03.01"]
[Round "7.5"]
[White "Lodes, Hermann"]
[Black "Fischer, Thomas(92)"]
[Result "0-1"]
[WhiteElo "2073"]
[BlackElo "2071"]
[PlyCount "98"]
[EventDate "2009.03.??"]
[EventType "team-tourn"]
[EventRounds "9"]
[WhiteTeam "Burgsinn 1"]
[BlackTeam "Königshofen 1"]

1. e4 c5 2. c4 Nc6 3. Nc3 g6 4. g3 Bg7 5. Bg2 e5 6. Nge2 Nge7 7. O-O O-O 8. f4
d6 9. d3 f5 10. Rb1 Be6 11. Nd5 Rb8 12. Nec3 a6 13. Be3 exf4 14. Bxf4 h6 15.
Nxe7+ Qxe7 16. exf5 Bxf5 17. Nd5 Qd7 18. b4 g5 19. Bc1 Nd4 20. Nb6 Qc7 21. Nd5
Qd7 22. Nb6 Qd8 23. bxc5 dxc5 24. Bd5+ Kh8 25. g4 Bg6 26. Rxf8+ Bxf8 27. Be3
Bg7 28. Kg2 Qe7 29. Bxd4 Bxd4 30. Bf3 Qe3 31. Qe2 Re8 32. Qxe3 Rxe3 33. Rd1 a5
34. Nd5 Rxd3 35. Rxd3 Bxd3 36. Nb6 Bf6 37. Bxb7 Bd8 38. Nd7 Bxc4 39. Nxc5 Bxa2
40. Be4 Bb6 41. Na4 Bd4 42. Bc2 Bd5+ 43. Kf1 Bf3 44. Bf5 Kg7 45. Ke1 Kf6 46.
Kd2 Ke5 47. Kd3 Bc6 48. Nc3 Bxc3 49. Kxc3 Kf4 0-1

[Event "Bayern-chTT (Oberliga)"]
[Site "Bayern 2008/09"]
[Date "2009.03.01"]
[Round "7.6"]
[White "Michaelis, Martin"]
[Black "Krauss, Josef"]
[Result "1/2-1/2"]
[WhiteElo "2157"]
[BlackElo "2036"]
[PlyCount "74"]
[EventDate "2009.03.??"]
[EventType "team-tourn"]
[EventRounds "9"]
[WhiteTeam "Königshofen 1"]
[BlackTeam "Burgsinn 1"]

1. d4 d5 2. c4 c6 3. Nf3 Nf6 4. Nc3 dxc4 5. a4 Bf5 6. e3 e6 7. Bxc4 Bb4 8. O-O
Nbd7 9. Qe2 Bg4 10. h3 Bxf3 11. Qxf3 O-O 12. Rd1 Rc8 13. Ba2 Qe7 14. e4 e5 15.
dxe5 Nxe5 16. Qe2 Ng6 17. Bb1 Rfe8 18. Re1 Bxc3 19. bxc3 Nd5 20. Qc2 Qe5 21.
Bd2 Nc7 22. Qb3 b6 23. Bc2 Ne6 24. g3 Nc5 25. Qc4 Qh5 26. Kg2 Ne5 27. Qe2 Qxe2
28. Rxe2 Nc4 29. Be3 Nxe3+ 30. Rxe3 Rcd8 31. Re2 f6 32. f4 Re7 33. Kf3 Kf7 34.
h4 g6 35. g4 h6 36. Kg3 Rde8 37. Rae1 Kg7 1/2-1/2

[Event "Bayern-chTT (Oberliga)"]
[Site "Bayern 2008/09"]
[Date "2009.03.01"]
[Round "7.7"]
[White "Seeger, Werner"]
[Black "Jahrsdoerfer, Gerd"]
[Result "0-1"]
[WhiteElo "2012"]
[BlackElo "2124"]
[PlyCount "86"]
[EventDate "2009.03.??"]
[EventType "team-tourn"]
[EventRounds "9"]
[WhiteTeam "Burgsinn 1"]
[BlackTeam "Königshofen 1"]

1. d4 d5 2. c4 e6 3. Nf3 f5 4. g3 Nf6 5. Bg2 c6 6. O-O Bd6 7. Nbd2 Nbd7 8. Ne1
O-O 9. Nd3 b6 10. Qa4 Bb7 11. Nf3 a5 12. Bf4 Qe7 13. Rac1 Rac8 14. Bxd6 Qxd6
15. c5 Qc7 16. cxb6 Qxb6 17. Nc5 Nxc5 18. Rxc5 Qxb2 19. Ne5 Qxe2 20. Bf3 Qb2
21. Qxa5 Qxd4 22. Re1 Ne4 23. Bxe4 fxe4 24. Ng4 Ra8 25. Qb6 Rxa2 26. Rxc6 Qxb6
27. Rxb6 Bc8 28. Rb8 h5 29. Ne5 Ba6 30. Rxf8+ Kxf8 31. Rb1 Ke7 32. Ng6+ Kf6 33.
Nf4 g6 34. h4 Be2 35. Rb6 Ra1+ 36. Kh2 Bf3 37. g4 Rh1+ 38. Kg3 Rg1+ 39. Kh2
Rxg4 40. Nxe6 Ke5 41. Nc7 Rxh4+ 42. Kg3 Rg4+ 43. Kh3 Rg1 0-1

[Event "Bayern-chTT (Oberliga)"]
[Site "Bayern 2008/09"]
[Date "2009.03.01"]
[Round "7.8"]
[White "Schmid, Michael(77)"]
[Black "Gutzeit, Kurt"]
[Result "1/2-1/2"]
[WhiteElo "2150"]
[BlackElo "1940"]
[PlyCount "102"]
[EventDate "2009.03.??"]
[EventType "team-tourn"]
[EventRounds "9"]
[WhiteTeam "Königshofen 1"]
[BlackTeam "Burgsinn 1"]

1. e4 c5 2. Nc3 Nc6 3. g3 g6 4. Bg2 Bg7 5. d3 d6 6. f4 Nf6 7. Nf3 O-O 8. O-O a6
9. h3 Rb8 10. Be3 b5 11. g4 Bb7 12. Qe1 b4 13. Ne2 Nd7 14. Rb1 e6 15. f5 exf5
16. gxf5 Qe7 17. Ng3 Nce5 18. Qf2 Nxf3+ 19. Bxf3 Qh4 20. Bg2 Be5 21. Ne2 Qe7
22. Bh6 Rfe8 23. Kh1 Kh8 24. Bf4 gxf5 25. Bxe5+ Nxe5 26. Qxf5 Qe6 27. Qf6+ Qxf6
28. Rxf6 Rbd8 29. Ng3 Rg8 30. Kh2 Rg6 31. Rbf1 Rdg8 32. Rxg6 hxg6 33. a3 Kg7
34. Ra1 a5 35. Ne2 Rc8 36. Kg3 Nc6 37. Kf2 Nd4 38. Rc1 Nxe2 39. Kxe2 f5 40.
axb4 fxe4 41. dxe4 cxb4 42. Kd3 Ba6+ 43. Kd4 Kf6 44. Bf1 Bxf1 45. Rxf1+ Ke6 46.
c3 bxc3 47. bxc3 Rh8 48. Rg1 Kf6 49. Rg3 Rh5 50. Rf3+ Kg7 51. Kc4 Re5 1/2-1/2

[Event "Bayern-chTT (Oberliga)"]
[Site "Bayern 2008/09"]
[Date "2009.03.15"]
[Round "8.1"]
[White "Klundt, Klaus"]
[Black "Heika, Martin"]
[Result "1/2-1/2"]
[WhiteElo "2290"]
[BlackElo "2384"]
[PlyCount "45"]
[EventDate "2009.03.??"]
[EventType "team-tourn"]
[EventRounds "9"]
[WhiteTeam "Burgsinn 1"]
[BlackTeam "Regensburg-Fortuna 1"]

1. e4 e6 2. d4 d5 3. Nd2 Nf6 4. e5 Nfd7 5. f4 c5 6. c3 Nc6 7. Ndf3 cxd4 8. cxd4
Bb4+ 9. Bd2 Qb6 10. Bxb4 Qxb4+ 11. Qd2 Nb6 12. Bd3 Nc4 13. Bxc4 Qxc4 14. Ne2
Qb4 15. Nc3 O-O 16. O-O Bd7 17. Rad1 f6 18. f5 fxe5 19. Nxe5 Nxe5 20. dxe5 Qc5+
21. Qd4 Rac8 22. fxe6 Bxe6 23. Rxf8+ 1/2-1/2

[Event "Bayern-chTT (Oberliga)"]
[Site "Bayern 2008/09"]
[Date "2009.03.15"]
[Round "8.2"]
[White "Speckner, Roland"]
[Black "Chandler, Patrick"]
[Result "1-0"]
[WhiteElo "2295"]
[BlackElo "2217"]
[PlyCount "51"]
[EventDate "2009.03.??"]
[EventType "team-tourn"]
[EventRounds "9"]
[WhiteTeam "Regensburg-Fortuna 1"]
[BlackTeam "Burgsinn 1"]

1. e4 d5 2. exd5 Qxd5 3. Nc3 Qd6 4. d4 Nf6 5. Nf3 c6 6. Ne5 Nbd7 7. Bf4 Nxe5 8.
Bxe5 Qd8 9. Bc4 e6 10. Qf3 Nd7 11. O-O Nxe5 12. dxe5 Qd4 13. Nb5 Qxe5 14. Rfe1
Qb8 15. Nd4 Be7 16. Bxe6 O-O 17. Bxc8 Bf6 18. Bf5 Bxd4 19. Bxh7+ Kxh7 20. Qe4+
Kg8 21. Qxd4 Rd8 22. Qb4 a5 23. Qc3 Qd6 24. Re3 Qd2 25. Re8+ Kh7 26. Qxd2 1-0

[Event "Bayern-chTT (Oberliga)"]
[Site "Bayern 2008/09"]
[Date "2009.03.15"]
[Round "8.3"]
[White "Scheidt, Karlheinz"]
[Black "Rother, Christoph"]
[Result "1-0"]
[WhiteElo "2082"]
[BlackElo "2239"]
[PlyCount "93"]
[EventDate "2009.03.??"]
[EventType "team-tourn"]
[EventRounds "9"]
[WhiteTeam "Burgsinn 1"]
[BlackTeam "Regensburg-Fortuna 1"]

1. e4 e6 2. d3 d5 3. Nd2 Nf6 4. Ngf3 Nc6 5. g3 dxe4 6. dxe4 Bc5 7. Bg2 O-O 8.
O-O e5 9. Qe2 Qe7 10. c3 a5 11. Nc4 b6 12. a4 Ba6 13. b3 Ne8 14. Qc2 Qe6 15.
Ng5 Qg6 16. Rd1 Bxc4 17. bxc4 Nd6 18. Qe2 h6 19. Nh3 Rad8 20. Rd5 Qe6 21. Bf3
Qxh3 22. Bg4 Bxf2+ 23. Kh1 Qxg4 24. Qxg4 h5 25. Qe2 Bc5 26. Ba3 Nb7 27. Qxh5
Bxa3 28. Rxa3 Nc5 29. Ra1 Nxe4 30. Qf3 Ng5 31. Qf5 Ne6 32. Rxd8 Rxd8 33. Rf1
Rd7 34. Qe4 Rd6 35. Qf3 Ncd8 36. Qf5 f6 37. Qg6 Kf8 38. h4 Ke7 39. c5 bxc5 40.
Rb1 Rb6 41. Rxb6 cxb6 42. Qb1 Nc6 43. Qxb6 Kd6 44. Qb1 Kc7 45. Kg2 Kd6 46. Qd3+
Ke7 47. Qd5 1-0

[Event "Bayern-chTT (Oberliga)"]
[Site "Bayern 2008/09"]
[Date "2009.03.15"]
[Round "8.4"]
[White "Pohl-Kuemmel, Jens-Uwe"]
[Black "Lodes, Hermann"]
[Result "1-0"]
[WhiteElo "2190"]
[BlackElo "2073"]
[PlyCount "78"]
[EventDate "2009.03.??"]
[EventType "team-tourn"]
[EventRounds "9"]
[WhiteTeam "Regensburg-Fortuna 1"]
[BlackTeam "Burgsinn 1"]

1. d4 d5 2. c4 c6 3. Nf3 Nf6 4. Nc3 g6 5. Qb3 dxc4 6. Qxc4 Bg7 7. e4 O-O 8. Be2
b5 9. Qb3 a6 10. O-O Qc7 11. Bg5 Be6 12. Qc2 c5 13. dxc5 Qxc5 14. a3 Nbd7 15.
Be3 Qc7 16. Nd4 Ng4 17. Bxg4 Bxg4 18. h3 Bxd4 19. Bxd4 Be6 20. Rac1 f6 21. f4
Rac8 22. Qf2 Qb7 23. Rfe1 Rc4 24. Rcd1 Rcc8 25. Rd2 Nb8 26. f5 Bf7 27. Nd5 Nc6
28. fxg6 Bxg6 29. Bc3 Rcd8 30. Qg3 e5 31. Nxf6+ Rxf6 32. Rxd8+ Nxd8 33. Qxe5
Rc6 34. Qh8+ Kf7 35. Rf1+ Ke6 36. Rf6+ Kd7 37. Rf8 Qc7 38. Be5 Qb6+ 39. Bd4
Rc1+ 1-0

[Event "Bayern-chTT (Oberliga)"]
[Site "Bayern 2008/09"]
[Date "2009.03.15"]
[Round "8.5"]
[White "Wuttig, Michael"]
[Black "Mandl, Robert"]
[Result "0-1"]
[WhiteElo "1997"]
[BlackElo "2200"]
[PlyCount "58"]
[EventDate "2009.03.??"]
[EventType "team-tourn"]
[EventRounds "9"]
[WhiteTeam "Burgsinn 1"]
[BlackTeam "Regensburg-Fortuna 1"]

1. Nf3 Nf6 2. d4 e6 3. e3 b6 4. b3 Bb7 5. Bb2 Be7 6. Bd3 Ne4 7. O-O O-O 8. c4
f5 9. Qe2 Bf6 10. Nc3 Qe7 11. Rac1 c5 12. Rfd1 Na6 13. Bb1 d6 14. Nd2 Nxc3 15.
Bxc3 Rad8 16. Nf3 Nb4 17. Bxb4 cxb4 18. d5 Bc3 19. dxe6 Qxe6 20. Nd4 Qg6 21. f3
Rde8 22. Nb5 Be5 23. Nc7 Qh5 24. h3 Re7 25. Nd5 Bxd5 26. Rxd5 Bf4 27. Rd3 Rfe8
28. Rcd1 Bxe3+ 29. Kh1 Bf4 0-1

[Event "Bayern-chTT (Oberliga)"]
[Site "Bayern 2008/09"]
[Date "2009.03.15"]
[Round "8.6"]
[White "Jauernig, Udo"]
[Black "Krauss, Josef"]
[Result "0-1"]
[WhiteElo "2161"]
[BlackElo "2036"]
[PlyCount "58"]
[EventDate "2009.03.??"]
[EventType "team-tourn"]
[EventRounds "9"]
[WhiteTeam "Regensburg-Fortuna 1"]
[BlackTeam "Burgsinn 1"]

1. c4 c6 2. Nf3 d5 3. d4 Nf6 4. Qc2 dxc4 5. Qxc4 Bf5 6. Nc3 e6 7. g3 Nbd7 8.
Bg2 Be7 9. O-O O-O 10. Bg5 Ne4 11. Bxe7 Qxe7 12. Nh4 Nd2 13. Nxf5 exf5 14. Qd3
Nxf1 15. Rxf1 g6 16. d5 cxd5 17. Nxd5 Qd6 18. Qd4 Rfd8 19. Qh4 Kg7 20. b3 b6
21. Nc3 Rac8 22. Nb5 Qf6 23. Qxf6+ Nxf6 24. Nxa7 Rc2 25. Nc6 Rd6 26. Nb4 Rxe2
27. Bf3 Rb2 28. Rc1 Ne4 29. Rc7 Rdd2 0-1

[Event "Bayern-chTT (Oberliga)"]
[Site "Bayern 2008/09"]
[Date "2009.03.15"]
[Round "8.7"]
[White "Gutzeit, Kurt"]
[Black "Gaydarzhy, Pavlo"]
[Result "1/2-1/2"]
[WhiteElo "1940"]
[BlackElo "2120"]
[PlyCount "99"]
[EventDate "2009.03.??"]
[EventType "team-tourn"]
[EventRounds "9"]
[WhiteTeam "Burgsinn 1"]
[BlackTeam "Regensburg-Fortuna 1"]

1. e4 e5 2. Nf3 Nc6 3. d4 exd4 4. Nxd4 Bc5 5. Be3 Qf6 6. c3 Nge7 7. Bc4 O-O 8.
O-O Ne5 9. Bb3 d6 10. f3 h6 11. Qe2 N7g6 12. Qd2 a6 13. Ne2 Bxe3+ 14. Qxe3 Be6
15. Nd2 Bxb3 16. axb3 Rfe8 17. h3 Nd7 18. Rad1 a5 19. f4 Nc5 20. Ng3 b6 21. Qf3
Rad8 22. Nc4 Nh4 23. Qg4 Ng6 24. Rde1 Nf8 25. Ne3 c6 26. f5 Qg5 27. Qf3 Nfd7
28. Nc4 Ne5 29. Nxe5 dxe5 30. Rd1 Rxd1 31. Rxd1 Rd8 32. Rxd8+ Qxd8 33. b4 axb4
34. cxb4 Nd3 35. f6 g6 36. Nf5 Kh7 37. Ne7 Qd4+ 38. Kh2 c5 39. Nxg6 Nf4 40.
Nxf4 exf4 41. Qxf4 cxb4 42. Qf5+ Kh8 43. b3 Qd6+ 44. e5 Qd5 45. h4 Qc5 46. Kh3
Qe3+ 47. g3 Qxb3 48. Qc8+ Kh7 49. Qf8 Qe6+ 50. Kh2 1/2-1/2

[Event "Bayern-chTT (Oberliga)"]
[Site "Bayern 2008/09"]
[Date "2009.03.15"]
[Round "8.8"]
[White "Paerr, Manfred"]
[Black "Ruetzel, Wolfgang"]
[Result "1/2-1/2"]
[WhiteElo "2118"]
[BlackElo "2023"]
[PlyCount "41"]
[EventDate "2009.03.??"]
[EventType "team-tourn"]
[EventRounds "9"]
[WhiteTeam "Regensburg-Fortuna 1"]
[BlackTeam "Burgsinn 1"]

1. e4 c5 2. Nc3 d6 3. g3 g6 4. Bg2 Bg7 5. d3 Nc6 6. Nf3 Nf6 7. O-O O-O 8. Rb1
Rb8 9. h3 b5 10. a3 a5 11. Be3 e5 12. Nd2 b4 13. axb4 axb4 14. Ne2 Nd7 15. Nc4
Nb6 16. Nxb6 Rxb6 17. Ra1 Ra6 18. Qd2 Qb6 19. c3 Rxa1 20. Rxa1 Ba6 21. c4
1/2-1/2

[Event "Bayern-chTT (Oberliga)"]
[Site "Bayern 2008/09"]
[Date "2009.03.15"]
[Round "8.1"]
[White "Jirovsky, Pavel"]
[Black "Jirka, Jiri"]
[Result "1/2-1/2"]
[WhiteElo "2295"]
[BlackElo "2345"]
[PlyCount "48"]
[EventDate "2009.03.??"]
[EventType "team-tourn"]
[EventRounds "9"]
[WhiteTeam "Königshofen 1"]
[BlackTeam "Bamberg-SC 1"]

1. Nf3 d5 2. g3 g6 3. Bg2 Bg7 4. d4 Nf6 5. O-O O-O 6. c4 c6 7. Nbd2 Bf5 8. b3
a5 9. Bb2 Na6 10. Nh4 Be6 11. Rc1 Qb6 12. c5 Qc7 13. Nb1 Qc8 14. Nc3 Bh3 15.
Na4 Bxg2 16. Kxg2 Nd7 17. f4 Nc7 18. Qd2 Nb5 19. Nf3 Qc7 20. Rfe1 Ra6 21. e3
Re8 22. Qd3 e6 23. Qc2 Qd8 24. Qe2 Qc7 1/2-1/2

[Event "Bayern-chTT (Oberliga)"]
[Site "Bayern 2008/09"]
[Date "2009.03.15"]
[Round "8.3"]
[White "Feustel, Bernd"]
[Black "Strube, Frank"]
[Result "1-0"]
[WhiteElo "2239"]
[BlackElo "2122"]
[PlyCount "79"]
[EventDate "2009.03.??"]
[EventType "team-tourn"]
[EventRounds "9"]
[WhiteTeam "Königshofen 1"]
[BlackTeam "Bamberg-SC 1"]

1. Nf3 Nf6 2. c4 e6 3. g3 d5 4. b3 Be7 5. Bg2 c5 6. O-O O-O 7. e3 b6 8. Qe2 Bb7
9. Bb2 Nbd7 10. Rd1 Qc7 11. Nc3 Bc6 12. Rac1 Qb7 13. d4 Rac8 14. Ne5 Nxe5 15.
dxe5 Ne4 16. cxd5 Nxc3 17. Rxc3 exd5 18. Qg4 c4 19. bxc4 dxc4 20. Bxc6 Qxc6 21.
Rd7 Bb4 22. e6 Qxe6 23. Rxc4 Qxg4 24. Rxg4 Bc3 25. Bxc3 Rxc3 26. Rxa7 Rc1+ 27.
Kg2 Rb1 28. Rd4 g6 29. Rdd7 Kg7 30. Rdb7 h5 31. a4 Rb4 32. Ra6 h4 33. Rbxb6
Rxb6 34. Rxb6 hxg3 35. hxg3 Ra8 36. Rb4 g5 37. Kf3 Kg6 38. Ke4 Ra5 39. Kd3 Rf5
40. Rb2 1-0

[Event "Bayern-chTT (Oberliga)"]
[Site "Bayern 2008/09"]
[Date "2009.03.15"]
[Round "8.4"]
[White "Krauseneck, Peter ProfDr"]
[Black "Studnicka, Tomas"]
[Result "0-1"]
[WhiteElo "2114"]
[BlackElo "2242"]
[PlyCount "118"]
[EventDate "2009.03.??"]
[EventType "team-tourn"]
[EventRounds "9"]
[WhiteTeam "Bamberg-SC 1"]
[BlackTeam "Königshofen 1"]

1. e4 e5 2. f4 exf4 3. Bc4 c6 4. Qe2 Qh4+ 5. Kf1 Ne7 6. d4 Ng6 7. Nf3 Qh6 8. h4
Be7 9. h5 d6 10. Kg1 Nf8 11. g3 g5 12. hxg6 Qxg6 13. Bxf4 Ne6 14. Bxe6 Bxe6 15.
Rh6 Qg7 16. Nc3 Bg4 17. d5 Nd7 18. Rf1 Ne5 19. Bxe5 dxe5 20. Rh2 Rc8 21. Qd3
O-O 22. Nh4 Bb4 23. Nf5 Bxf5 24. Rxf5 Bxc3 25. Qxc3 cxd5 26. Qd2 Rc6 27. Rg5
Rg6 28. Rxg6 hxg6 29. Qxd5 Qf6 30. Rf2 Qg5 31. Kg2 b6 32. c4 Qe7 33. Rd2 Rc8
34. b3 Kg7 35. Qd7 Qxd7 36. Rxd7 b5 37. cxb5 Rc2+ 38. Kh3 Rxa2 39. Rb7 Ra3 40.
b6 a6 41. Ra7 Rxb3 42. Rxa6 Rb4 43. Ra5 Kf6 44. Ra6 Kg5 45. Ra5 f6 46. Ra6 Rxe4
47. b7 Rb4 48. Ra7 Rb2 49. g4 Rb3+ 50. Kg2 Kxg4 51. Ra6 Kf5 52. Ra7 g5 53. Kf2
Kf4 54. Ke2 g4 55. Ra4+ e4 56. Ra7 g3 57. Kf1 Rb2 58. Ra6 f5 59. Ra7 e3 0-1

[Event "Bayern-chTT (Oberliga)"]
[Site "Bayern 2008/09"]
[Date "2009.03.15"]
[Round "8.5"]
[White "Stross, Frantisek"]
[Black "Krug, Stefan(63)"]
[Result "1-0"]
[WhiteElo "2298"]
[BlackElo "2083"]
[PlyCount "73"]
[EventDate "2009.03.??"]
[EventType "team-tourn"]
[EventRounds "9"]
[WhiteTeam "Königshofen 1"]
[BlackTeam "Bamberg-SC 1"]

1. e4 c6 2. d4 d5 3. exd5 cxd5 4. c3 Nc6 5. Nf3 Nf6 6. Bf4 g6 7. Na3 Nh5 8. Be3
Bg7 9. h3 a6 10. Be2 Qd6 11. Qd2 O-O 12. O-O Nf6 13. Bf4 Qd8 14. Bh6 Bf5 15.
Bxg7 Kxg7 16. Nc2 Bxc2 17. Qxc2 Rc8 18. a4 Qc7 19. Rfe1 e6 20. Qd1 Nd7 21. Bd3
Na5 22. Qe2 Nc4 23. Nh2 Qb6 24. Ng4 h5 25. Ne3 Nxe3 26. a5 Qd6 27. Qxe3 Nb8 28.
Qg5 Nc6 29. Re3 Qe7 30. Qg3 Qc7 31. f4 Nxa5 32. Rxe6 Nb3 33. Rae1 fxe6 34.
Qxg6+ Kh8 35. Re5 Rf5 36. Bxf5 Nxd4 37. Bxe6 1-0